Wellnessturizmus vendéglátós sajátosságai

Bibliográfiai részletek
Szerző: Szalai Eszter
További közreműködők: Karakasné Morvay Klára
Dokumentumtípus: Záródolgozat
Kulcsszavak:Turizmus, wellness
Szálloda, wellness
Vendégkör
Szolgáltatás
Vendégelégedettség, mérés
Online Access:http://dolgozattar.uni-bge.hu/59387

MARC

LEADER 00000nta a2200000 i 4500
001 dolg59387
005 20260114111339.0
008 260114suuuu hu o 000 hun d
040 |a BGE Dolgozattár Repozitórium  |b hun 
041 |a hu 
100 1 |a Szalai Eszter 
245 1 0 |a Wellnessturizmus vendéglátós sajátosságai  |c Szalai Eszter  |h [elektronikus dokumentum] 
516 |a Final_paper 
695 |a Turizmus, wellness 
695 |a Szálloda, wellness 
695 |a Vendégkör 
695 |a Szolgáltatás 
695 |a Vendégelégedettség, mérés 
700 1 |a Karakasné Morvay Klára  |e ths 
856 4 0 |u http://dolgozattar.uni-bge.hu/59387/1/Szalai-Eszter.pdf  |z Dokumentum-elérés